Click to Translate - Bosnian - Statistics

General Stats
  • This quiz has been taken 1,460 times
  • The average score is 13 of 20
Answer Stats
Hint Answer % Correct
Woman Žena
83%
How Kako
82%
Eight Osam
82%
Never Nikad
81%
Morning Jutro
79%
Winter Zima
77%
Horse Konj
74%
Learn Učiti
73%
Excuse me Oprostite
72%
Week Sedmica
68%
Potato Krompir
66%
Moon Mjesec
66%
Tomato Paradajz
64%
Finger Prst
62%
Find Naći
60%
Window Prozor
55%
Thin Tanak
55%
Thousand Hiljadu
53%
Purple Ljubičasta
53%
Hat Šešir
48%
No matching quizzes found
Score Distribution
Percent of People with Each Score
Percentile by Number Answered
Your Score History
You have not taken this quiz